Pixel Code 1234 III Quiz Stats

 Plays Quiz Updated Aug 2, 2017

Support Sporcle.
Go Orange.
Score 0/15 Timer 15:00
0 Plays Today
% Correct
4231
99.8%
3412
88.2%
2413
74.2%
2341
71.9%
1324
69.4%
1243
64.8%
4123
53.7%
1432
51.7%
% Correct
4321
48.5%
1423
45.6%
4132
38.8%
2134
36.9%
3241
36.3%
3124
31.5%
2143
25.6%

You're not logged in!

Compare scores with friends on all Sporcle quizzes.
OR
Log In
Forgot?

From the Vault

4 to 13 Letter 'O' Places

by FilipinoBreloom

If we wanted to be really mean we could ask about Onafhankelijkheidsplein.
Remove Ads.
Support Sporcle.
Get the best of Sporcle when you Go Orange. This ad-free experience offers more features, more stats, and more fun while also helping to support Sporcle. Thank you for becoming a member.

Show Comments

Extras

Top Quizzes Today


Score Distribution

Your Account Isn't Verified!

In order to create a playlist on Sporcle, you need to verify the email address you used during registration. Go to your Sporcle Settings to finish the process.

Report this User

Report this user for behavior that violates our Community Guidelines.

Details: